I want to be a Christian / (Record no. 5012)
[ view plain ]
| 000 -LEADER | |
|---|---|
| fixed length control field | 00782cam a2200289 a 4500 |
| 001 - CONTROL NUMBER | |
| control field | 12423 |
| 003 - CONTROL NUMBER IDENTIFIER | |
| control field | GBCCL |
| 005 - DATE AND TIME OF LATEST TRANSACTION | |
| control field | 20241126110531.0 |
| 008 - FIXED-LENGTH DATA ELEMENTS--GENERAL INFORMATION | |
| fixed length control field | 790530s1977 ilu 00010 engm |
| 010 ## - | |
| -- | 77072434 //r853 |
| 020 ## - INTERNATIONAL STANDARD BOOK NUMBER | |
| International Standard Book Number | 0860650014 |
| Terms of availability | $4.95 |
| 035 ## - SYSTEM CONTROL NUMBER | |
| System control number | OCM04083252 |
| 040 ## - CATALOGING SOURCE | |
| Original cataloging agency | DLC |
| Transcribing agency | DLC |
| Modifying agency | m.c. |
| -- | LBB |
| 049 ## - | |
| -- | LBBK |
| -- | LBBA |
| 050 0# - | |
| -- | BT993.2 |
| -- | .P33 1977 |
| 082 0# - DEWEY DECIMAL CLASSIFICATION NUMBER | |
| Classification number | 230 |
| Item number | PAC |
| 092 ## - LOCALLY ASSIGNED DEWEY CALL NUMBER (OCLC) | |
| Classification number | 230 |
| Item number | P119 |
| 100 1# - MAIN ENTRY--PERSONAL NAME | |
| Personal name | Packer, J. I. |
| Fuller form of name | (James Innell) |
| 9 (RLIN) | 2241 |
| 245 10 - TITLE STATEMENT | |
| Title | I want to be a Christian / |
| Statement of responsibility, etc. | J. I. Packer. |
| 260 ## - PUBLICATION, DISTRIBUTION, ETC. | |
| Place of publication, distribution, etc. | Eastbourne : |
| Name of publisher, distributor, etc. | Kingsway, |
| Date of publication, distribution, etc. | c1977. |
| 300 ## - PHYSICAL DESCRIPTION | |
| Extent | 240 p. ; |
| Dimensions | 21 cm. |
| 630 00 - SUBJECT ADDED ENTRY--UNIFORM TITLE | |
| Uniform title | Apostles' Creed. |
| 9 (RLIN) | 5190 |
| 630 00 - SUBJECT ADDED ENTRY--UNIFORM TITLE | |
| Uniform title | Lord's prayer. |
| 9 (RLIN) | 7948 |
| 630 00 - SUBJECT ADDED ENTRY--UNIFORM TITLE | |
| Uniform title | Ten commandments. |
| 9 (RLIN) | 3462 |
| 650 #0 - SUBJECT ADDED ENTRY--TOPICAL TERM | |
| Topical term or geographic name entry element | Baptism. |
| 9 (RLIN) | 2157 |
| 942 ## - ADDED ENTRY ELEMENTS (KOHA) | |
| Source of classification or shelving scheme | Dewey Decimal Classification |
| Koha item type | Books |
| Koha issues (borrowed), all copies | 5 |
| Withdrawn status | Lost status | Source of classification or shelving scheme | Damaged status | Not for loan | Home library | Current Library | Shelving location | Date acquired | Total checkouts | Full call number | Barcode | Date last seen | Date last checked out | Copy number | Price effective from | Koha item type |
|---|---|---|---|---|---|---|---|---|---|---|---|---|---|---|---|---|
| Dewey Decimal Classification | GRACE BIBLE COLLEGE | GRACE BIBLE COLLEGE | Theology | 2018-02-21 | 5 | 230 PAC | 001419 | 2025-05-01 | 2023-11-09 | c.1 | 2018-02-21 | Books |